[Event "CZE-chT2B 1920"]
[Site "Czech Republic"]
[Date "2019.10.13"]
[Round "1.7"]
[White "Janda, Zdenek"]
[Black "Kotrba, Matej"]
[Result "0-1"]
[WhiteElo "2070"]
[BlackElo "2016"]
[PlyCount "170"]
[EventDate "2019.10.13"]
[EventType "team-tourn"]
[EventRounds "11"]
[EventCountry "CZE"]
[SourceTitle "EXT 2024"]
[Source "ChessBase"]
[SourceDate "2023.10.10"]
[SourceVersion "1"]
[SourceVersionDate "2023.10.10"]
[SourceQuality "1"]
[WhiteTeam "Decin"]
[BlackTeam "Udlice"]
[WhiteTeamCountry "CZE"]
[BlackTeamCountry "CZE"]

1. d4 d5 2. Nf3 Nf6 3. Bf4 c6 4. e3 Bg4 5. Nbd2 Ne4 6. Be2 Nxd2 7. Qxd2 Bxf3 8. Bxf3 e6 9. Be2 Bd6 10. Bg3 Bxg3 11. hxg3 Qb6 12. c3 Nd7 13. Bd3 f5 14. 0-0-0 Nf6 15. f3 0-0-0 16. Qe2 Qc7 17. Rh3 g6 18. e4 Rde8 19. Rdh1 Re7 20. e5 Nd7 21. Rh6 Nf8 22. g4 Rg8 23. f4 Reg7 24. g5 Re7 25. Kb1 Rgg7 26. Qf2 b5 27. Qe2 Qb6 28. R6h3 Kd8 29. Bc2 Kc8 30. Ka1 Rb7 31. g4 Rbe7 32. Rh6 Qc7 33. Bd1 Kb8 34. Qc2 Ka8 35. Bf3 Kb8 36. Be2 Ka8 37. b3 Qb6 38. Qd3 Rd7 39. Rd1 Rb7 40. Bf3 Kb8 41. Rh2 Rgf7 42. Qe3 Qa5 43. Rc1 Qa3 44. Rhc2 Rfc7 45. Be2 Rf7 46. Qd2 c5 47. gxf5 gxf5 48. c4 dxc4 49. bxc4 cxd4 50. cxb5 Rbc7 51. b6 axb6 52. Qxd4 Qxc1+ 53. Rxc1 Rxc1+ 54. Kb2 Rc6 55. Qd8+ Rc8 56. Qd6+ Ka7 57. Bf3 Rd7 58. Qa3+ Kb8 59. Qa8+ Kc7 60. Qb7+ Kd8 61. Qxb6+ Ke7 62. Qb4+ Kf7 63. a4 Rcd8 64. a5 Rc7 65. a6 Rdd7 66. Bb7 Ng6 67. Kb3 Ne7 68. a7 Rxb7 69. a8Q Rxb4+ 70. Kxb4 Nd5+ 71. Kb3 Nxf4 72. Qh8 Kg6 73. Qe8+ Rf7 74. Kc4 Kg7 75. Kc5 Nd3+ 76. Kd6 f4 77. Kxe6 Nc5+ 78. Kd5 f3 79. e6 Rf8 80. Qb5 Rf5+ 81. Kc6 f2 82. e7 Kf7 83. Qe2 Ke8 84. Kd6 f1Q 85. Qh5+ Rf7 0-1

[Event "CZE-chT2B 1516"]
[Site "Czech Republic"]
[Date "2015.11.22"]
[Round "3.5"]
[White "Kotrba, Matej"]
[Black "Vltavsky, Vladimir"]
[Result "1/2-1/2"]
[WhiteElo "2015"]
[BlackElo "2214"]
[PlyCount "66"]
[EventDate "2015.10.18"]
[EventType "team-tourn"]
[EventRounds "11"]
[EventCountry "CZE"]
[SourceTitle "EXT 2022"]
[Source "ChessBase"]
[SourceDate "2021.10.06"]
[SourceVersion "1"]
[SourceVersionDate "2021.10.06"]
[SourceQuality "1"]
[WhiteTeam "Teplice"]
[BlackTeam "Turnov Zikuda II"]
[WhiteTeamCountry "CZE"]
[BlackTeamCountry "CZE"]

1. Nf3 Nf6 2. d4 e6 3. c4 b6 4. Nc3 Bb4 5. Bg5 h6 6. Bd2 c5 7. e3 Bxc3 8. Bxc3 Ne4 9. Qc2 Nxc3 10. Qxc3 0-0 11. Be2 d6 12. Nd2 Bb7 13. Bf3 Bxf3 14. Nxf3 Nd7 15. 0-0 Qe7 16. Rfd1 Nf6 17. Qc2 Rad8 18. h3 e5 19. dxe5 dxe5 20. Rxd8 Rxd8 21. Rd1 Rxd1+ 22. Qxd1 e4 23. Nh2 Qd7 24. Qc2 Qe6 25. Nf1 Nd7 26. Ng3 f5 27. Qd1 Nf6 28. Qd8+ Kh7 29. Qc7 a5 30. b3 Ne8 31. Qd8 Nf6 32. Qc7 Ne8 33. Qd8 Nf6 1/2-1/2

[Event "CZE-chT2B 1415"]
[Site "Czech Republic"]
[Date "2015.01.11"]
[Round "5.7"]
[White "Vanka, Miloslav"]
[Black "Kotrba, Matej"]
[Result "1-0"]
[WhiteElo "2157"]
[BlackElo "1992"]
[PlyCount "72"]
[EventDate "2014.11.02"]
[EventType "team-tourn"]
[EventRounds "11"]
[EventCountry "CZE"]
[SourceTitle "EXT 2022"]
[Source "ChessBase"]
[SourceDate "2021.10.06"]
[SourceVersion "1"]
[SourceVersionDate "2021.10.06"]
[SourceQuality "1"]
[WhiteTeam "Neratovice"]
[BlackTeam "Teplice"]
[WhiteTeamCountry "CZE"]
[BlackTeamCountry "CZE"]

1. d4 Nf6 2. Nf3 d5 3. Bf4 e6 4. e3 Bd6 5. Bg3 c6 6. Nbd2 0-0 7. Bd3 Qc7 8. Ne5 Nbd7 9. f4 c5 10. c3 c4 11. Bc2 b5 12. 0-0 Bb7 13. Qf3 Ne8 14. Nxd7 Qxd7 15. f5 Bxg3 16. Qxg3 Qd6 17. fxe6 Qxe6 18. Bf5 Qd6 19. Rf4 g6 20. e4 Ng7 21. e5 Qb6 22. Bg4 b4 23. Rf6 Qa5 24. Raf1 Bc8 25. Bxc8 Nh5 26. Qf3 Nxf6 27. exf6 Rfxc8 28. Qf4 Qd8 29. Nf3 Qf8 30. Ne5 Rd8 31. h4 h5 32. g4 hxg4 33. h5 Kh7 34. hxg6+ fxg6 35. Kg2 Rd6 36. Qg5 Qg8 1-0

[Event "CZE-chT2B 1314"]
[Site "Czech Republic"]
[Date "2014.03.02"]
[Round "9.7"]
[White "Kotrba, Matej"]
[Black "Chaloupka, Martin"]
[Result "1-0"]
[WhiteElo "1952"]
[BlackElo "1869"]
[PlyCount "49"]
[EventDate "2013.11.03"]
[EventType "team-tourn"]
[EventRounds "11"]
[EventCountry "CZE"]
[SourceTitle "EXT 2015"]
[Source "ChessBase"]
[SourceDate "2014.11.20"]
[SourceVersion "1"]
[SourceVersionDate "2014.11.20"]
[SourceQuality "1"]
[WhiteTeam "Teplice"]
[BlackTeam "Litomerice"]
[WhiteTeamCountry "CZE"]
[BlackTeamCountry "CZE"]

1. Nf3 c5 2. c3 Nc6 3. d4 e6 4. Bf4 Nf6 5. e3 d5 6. Bd3 cxd4 7. exd4 Bd7 8. Nbd2 Rc8 9. 0-0 Be7 10. Qb3 Na5 11. Qc2 Nc4 12. Ne5 Nxd2 13. Bxd2 b5 14. f4 g6 15. a4 a6 16. axb5 axb5 17. Ra7 b4 18. Nxd7 Nxd7 19. Bb5 Rc7 20. Qa4 bxc3 21. Bxc3 Rxa7 22. Qxa7 Bd6 23. Ba5 Qc8 24. Bxd7+ Qxd7 25. Qa8+ 1-0

[Event "CZE-chT2B 1314"]
[Site "Czech Republic"]
[Date "2014.02.02"]
[Round "7.7"]
[White "Kotrba, Matej"]
[Black "Lampir, Tomas"]
[Result "1-0"]
[WhiteElo "1952"]
[BlackElo "2054"]
[PlyCount "64"]
[EventDate "2013.11.03"]
[EventType "team-tourn"]
[EventRounds "11"]
[EventCountry "CZE"]
[SourceTitle "EXT 2015"]
[Source "ChessBase"]
[SourceDate "2014.11.20"]
[SourceVersion "1"]
[SourceVersionDate "2014.11.20"]
[SourceQuality "1"]
[WhiteTeam "Teplice"]
[BlackTeam "Praha Bohemians II"]
[WhiteTeamCountry "CZE"]
[BlackTeamCountry "CZE"]

1. Nf3 f5 2. d4 Nf6 3. c4 e6 4. Nc3 d5 5. Bg5 c6 6. e3 Bd6 7. Ne5 0-0 8. f4 Qa5 9. Bxf6 Rxf6 10. c5 Bxe5 11. fxe5 Rg6 12. Qh5 b6 13. g4 Bd7 14. gxf5 exf5 15. Bd3 Na6 16. 0-0-0 bxc5 17. Rhg1 Rxg1 18. Rxg1 Nc7 19. Bxf5 Bxf5 20. Qxf5 Rf8 21. Qd7 g6 22. Qxc6 Rf2 23. Qxc5 Qxc5 24. dxc5 Rxh2 25. Rd1 Kf7 26. Nxd5 Nxd5 27. Rxd5 Ke6 28. Rd4 Rf2 29. Rf4 Re2 30. c6 Ke7 31. Rc4 Ke6 32. c7 Rf2 1-0

[Event "CZE-chT2B 1314"]
[Site "Czech Republic"]
[Date "2013.11.17"]
[Round "2.7"]
[White "Kotrba, Matej"]
[Black "Pilar, Miloslav"]
[Result "1/2-1/2"]
[WhiteElo "1952"]
[BlackElo "2254"]
[PlyCount "54"]
[EventDate "2013.11.03"]
[EventType "team-tourn"]
[EventRounds "11"]
[EventCountry "CZE"]
[SourceTitle "EXT 2015"]
[Source "ChessBase"]
[SourceDate "2014.11.20"]
[SourceVersion "1"]
[SourceVersionDate "2014.11.20"]
[SourceQuality "1"]
[WhiteTeam "Teplice"]
[BlackTeam "Vysehrad"]
[WhiteTeamCountry "CZE"]
[BlackTeamCountry "CZE"]

1. Nf3 Nf6 2. d4 g6 3. c4 c5 4. e3 Bg7 5. Nc3 0-0 6. Bd3 cxd4 7. exd4 d5 8. 0-0 Nc6 9. h3 b6 10. Bg5 dxc4 11. Bxc4 Bb7 12. Re1 Rc8 13. Bb3 Na5 14. Qe2 h6 15. Bf4 e6 16. Be5 Nxb3 17. axb3 a5 18. Nd2 Nd5 19. Bxg7 Kxg7 20. Qe5+ Qf6 21. Nc4 Nxc3 22. bxc3 Rfd8 23. Qxf6+ Kxf6 24. Re3 Rc6 25. Ne5 Rc7 26. Nc4 a4 27. Nxb6 axb3 1/2-1/2

[Event "Jirasek Memorial op 24th"]
[Site "Rakovnik"]
[Date "2012.08.10"]
[Round "8"]
[White "Lavrincik, Pavel"]
[Black "Kotrba, Matej"]
[Result "0-1"]
[WhiteElo "1898"]
[BlackElo "1961"]
[PlyCount "58"]
[EventDate "2012.08.04"]
[EventType "swiss"]
[EventRounds "9"]
[EventCountry "CZE"]
[SourceTitle "CBM 149 Extra"]
[Source "ChessBase"]
[SourceDate "2012.08.24"]
[SourceVersion "1"]
[SourceVersionDate "2012.08.24"]
[SourceQuality "1"]

1. c4 Nf6 2. Nc3 c6 3. Nf3 d5 4. cxd5 cxd5 5. d4 Bf5 6. e3 e6 7. Bd3 Bg6 8. 0-0 a6 9. Ne5 Nfd7 10. Nxg6 hxg6 11. e4 dxe4 12. Bxe4 Nf6 13. Bxb7 Qc8 14. g3 Qxb7 15. Re1 Be7 16. Qe2 0-0 17. Be3 Nbd7 18. Rad1 Nd5 19. Bc1 N7f6 20. h4 Rfc8 21. Ne4 Qb5 22. Qf3 Nxe4 23. Rxe4 Rc2 24. h5 gxh5 25. Re5 Bf6 26. Rxh5 Qe2 27. Kg2 Qxf3+ 28. Kxf3 Rac8 29. Rdh1 g6 0-1

[Event "Jirasek Memorial op 24th"]
[Site "Rakovnik"]
[Date "2012.08.08"]
[Round "6"]
[White "Kotrba, Matej"]
[Black "Hajsman, Ladislav"]
[Result "1-0"]
[WhiteElo "1961"]
[BlackElo "1767"]
[PlyCount "49"]
[EventDate "2012.08.04"]
[EventType "swiss"]
[EventRounds "9"]
[EventCountry "CZE"]
[SourceTitle "CBM 149 Extra"]
[Source "ChessBase"]
[SourceDate "2012.08.24"]
[SourceVersion "1"]
[SourceVersionDate "2012.08.24"]
[SourceQuality "1"]

1. e4 c5 2. Nc3 d6 3. f4 Nc6 4. Nf3 e6 5. Bc4 Nf6 6. d3 a6 7. e5 dxe5 8. fxe5 Nd5 9. 0-0 Nxc3 10. bxc3 Be7 11. Qe1 0-0 12. Qg3 Kh8 13. Bg5 b5 14. Bb3 Qc7 15. a4 b4 16. cxb4 cxb4 17. d4 Bb7 18. Qh4 Rad8 19. Bxe7 Qxe7 20. Ng5 h6 21. Rf6 Kg8 22. Rxh6 gxh6 23. Qxh6 Qxg5 24. Qxg5+ Kh7 25. Rf1 1-0

[Event "Jirasek Memorial op 24th"]
[Site "Rakovnik"]
[Date "2012.08.07"]
[Round "5"]
[White "Hansch, Karsten"]
[Black "Kotrba, Matej"]
[Result "1-0"]
[WhiteElo "2019"]
[BlackElo "1961"]
[PlyCount "47"]
[EventDate "2012.08.04"]
[EventType "swiss"]
[EventRounds "9"]
[EventCountry "CZE"]
[SourceTitle "CBM 149 Extra"]
[Source "ChessBase"]
[SourceDate "2012.08.24"]
[SourceVersion "1"]
[SourceVersionDate "2012.08.24"]
[SourceQuality "1"]

1. c4 Nf6 2. g3 c6 3. Bg2 d5 4. Nf3 Bg4 5. Ne5 Nbd7 6. Nxg4 Nxg4 7. cxd5 cxd5 8. Bxd5 Qb6 9. 0-0 h5 10. Qb3 Qxb3 11. axb3 Nc5 12. b4 e6 13. bxc5 exd5 14. d4 a6 15. Nc3 0-0-0 16. b4 h4 17. f3 Nf6 18. g4 Ne8 19. Bf4 Be7 20. Na4 Kd7 21. e4 Nf6 22. Nb6+ Ke8 23. Bc7 dxe4 24. Bxd8 1-0

[Event "Jirasek Memorial op 24th"]
[Site "Rakovnik"]
[Date "2012.08.06"]
[Round "4"]
[White "Kotrba, Matej"]
[Black "Nemec, David"]
[Result "1-0"]
[WhiteElo "1961"]
[BlackElo "2017"]
[PlyCount "29"]
[EventDate "2012.08.04"]
[EventType "swiss"]
[EventRounds "9"]
[EventCountry "CZE"]
[SourceTitle "CBM 149 Extra"]
[Source "ChessBase"]
[SourceDate "2012.08.24"]
[SourceVersion "1"]
[SourceVersionDate "2012.08.24"]
[SourceQuality "1"]

1. e4 c5 2. Nc3 d6 3. f4 Nc6 4. Nf3 g6 5. Bc4 Bg7 6. 0-0 e6 7. f5 exf5 8. d3 Nge7 9. Qe1 0-0 10. Qh4 Ne5 11. Bg5 N5c6 12. Nd5 Re8 13. Nf6+ Bxf6 14. Bxf6 h5 15. Qg5 1-0

[Event "Jirasek Memorial op 24th"]
[Site "Rakovnik"]
[Date "2012.08.05"]
[Round "2"]
[White "Kotrba, Matej"]
[Black "Misicko, Jan"]
[Result "1/2-1/2"]
[WhiteElo "1961"]
[BlackElo "2045"]
[PlyCount "37"]
[EventDate "2012.08.04"]
[EventType "swiss"]
[EventRounds "9"]
[EventCountry "CZE"]
[SourceTitle "CBM 149 Extra"]
[Source "ChessBase"]
[SourceDate "2012.08.24"]
[SourceVersion "1"]
[SourceVersionDate "2012.08.24"]
[SourceQuality "1"]

1. e4 c5 2. Nc3 e6 3. f4 d5 4. Nf3 dxe4 5. Nxe4 Nf6 6. Bb5+ Bd7 7. Bxd7+ Nbxd7 8. d3 Nxe4 9. dxe4 Nf6 10. Qe2 Qb6 11. 0-0 Be7 12. Kh1 0-0 13. b3 Rfd8 14. Bb2 Qc6 15. Rae1 Rac8 16. c4 Qd7 17. Rd1 Qc6 18. Rde1 Qd7 19. Rd1 1/2-1/2

[Event "Jirasek Memorial op 24th"]
[Site "Rakovnik"]
[Date "2012.08.04"]
[Round "1"]
[White "Hansch, Torsten"]
[Black "Kotrba, Matej"]
[Result "1-0"]
[WhiteElo "2080"]
[BlackElo "1961"]
[PlyCount "67"]
[EventDate "2012.08.04"]
[EventType "swiss"]
[EventRounds "9"]
[EventCountry "CZE"]
[SourceTitle "CBM 149 Extra"]
[Source "ChessBase"]
[SourceDate "2012.08.24"]
[SourceVersion "1"]
[SourceVersionDate "2012.08.24"]
[SourceQuality "1"]

1. d4 Nf6 2. c4 e5 3. dxe5 Ng4 4. Nf3 Nc6 5. e3 Ngxe5 6. Be2 Bb4+ 7. Nbd2 d6 8. 0-0 Be6 9. a3 Bxd2 10. Nxd2 h5 11. b4 Qh4 12. Bb2 Bxc4 13. Nxc4 Nxc4 14. Bxc4 Qxc4 15. Rc1 Qb5 16. Bxg7 Rg8 17. Bc3 Qf5 18. f4 0-0-0 19. Qf3 Rde8 20. a4 Qd3 21. Rfe1 Re6 22. b5 Ne7 23. Ba5 Nd5 24. Rcd1 Qc2 25. Rxd5 Qxa4 26. Bd2 Reg6 27. Re2 h4 28. Be1 Qa1 29. Kf1 f6 30. Rh5 Qd1 31. Qd5 Qc1 32. Qf5+ Kd8 33. Rh7 c6 34. Qd7# 1-0

[Event "Jirasek Memorial op 23rd"]
[Site "Rakovnik"]
[Date "2011.08.10"]
[Round "6"]
[White "Cap, Adam"]
[Black "Kotrba, Matej"]
[Result "1/2-1/2"]
[WhiteElo "1934"]
[BlackElo "1949"]
[PlyCount "43"]
[EventDate "2011.08.06"]
[EventType "swiss"]
[EventRounds "9"]
[EventCountry "CZE"]
[SourceTitle "CBM 143 Extra"]
[Source "ChessBase"]
[SourceDate "2011.08.29"]
[SourceVersion "1"]
[SourceVersionDate "2011.08.29"]
[SourceQuality "1"]

1. e4 Nf6 2. e5 Nd5 3. Nc3 Nxc3 4. bxc3 d6 5. f4 Bf5 6. Nf3 e6 7. d4 d5 8. Bd3 Bg6 9. 0-0 c5 10. Rb1 Qc7 11. Ng5 Bxd3 12. Qxd3 h6 13. Nh3 Nc6 14. Be3 c4 15. Qe2 g6 16. Bd2 0-0-0 17. a4 Qa5 18. Ra1 Be7 19. Rfb1 a6 20. Qe3 Rdg8 21. Bc1 g5 22. Ba3 1/2-1/2

[Event "Jirasek Memorial op 23rd"]
[Site "Rakovnik"]
[Date "2011.08.06"]
[Round "1"]
[White "Kotrba, Matej"]
[Black "Jirkovsky, Tomas"]
[Result "1-0"]
[WhiteElo "1949"]
[BlackElo "2073"]
[PlyCount "104"]
[EventDate "2011.08.06"]
[EventType "swiss"]
[EventRounds "9"]
[EventCountry "CZE"]
[SourceTitle "CBM 143 Extra"]
[Source "ChessBase"]
[SourceDate "2011.08.29"]
[SourceVersion "1"]
[SourceVersionDate "2011.08.29"]
[SourceQuality "1"]

1. e4 c6 2. d4 d5 3. f3 e6 4. Nc3 Nf6 5. Bg5 Be7 6. e5 Nfd7 7. Bxe7 Qxe7 8. f4 g6 9. Nf3 a6 10. g4 c5 11. f5 Nc6 12. f6 Qd8 13. dxc5 Qc7 14. Qe2 Qa5 15. 0-0-0 Nxc5 16. Qe3 Na4 17. Nxa4 Qxa4 18. Nd4 Nxd4 19. Qxd4 Qxd4 20. Rxd4 Bd7 21. c4 Bc6 22. Bg2 0-0-0 23. cxd5 Bxd5 24. Bxd5 Rxd5 25. Rxd5 exd5 26. Rd1 Rd8 27. Kc2 Kc7 28. Kc3 d4+ 29. Rxd4 Re8 30. Re4 Kc6 31. e6 fxe6 32. f7 Rf8 33. Rxe6+ Kd7 34. Rb6 Kc7 35. Rf6 Kd7 36. Kd4 Ke7 37. g5 Rxf7 38. Rxf7+ Kxf7 39. Kd5 h6 40. Kd6 hxg5 41. Kc7 Kf6 42. Kxb7 Kf5 43. Kxa6 Kg4 44. b4 Kh3 45. b5 Kxh2 46. b6 g4 47. b7 g3 48. b8Q Kh3 49. Qg8 g2 50. Qxg6 Kh2 51. Kb7 g1Q 52. Qxg1+ Kxg1 1-0

[Event "Teplice op 6th"]
[Site "Teplice"]
[Date "2011.06.19"]
[Round "9"]
[White "Kotrba, Matej"]
[Black "Kratochvil, Karel"]
[Result "0-1"]
[WhiteElo "1938"]
[BlackElo "2275"]
[PlyCount "32"]
[EventDate "2011.06.11"]
[EventType "swiss"]
[EventRounds "9"]
[EventCountry "CZE"]
[SourceTitle "CBM 142 Extra"]
[Source "ChessBase"]
[SourceDate "2011.06.27"]
[SourceVersion "1"]
[SourceVersionDate "2011.06.27"]
[SourceQuality "1"]

1. e4 e5 2. Nf3 Nf6 3. Bc4 Nc6 4. d3 Be7 5. 0-0 d6 6. Nc3 Bg4 7. h3 Bh5 8. Bg5 h6 9. Bxf6 Bxf6 10. Nd5 g5 11. g4 Bg6 12. c3 Bg7 13. Qa4 Kf8 14. Nd2 Ne7 15. Ne3 c6 16. Qb3 b5 0-1

[Event "Teplice op 6th"]
[Site "Teplice"]
[Date "2011.06.18"]
[Round "8"]
[White "Klement, Lukas"]
[Black "Kotrba, Matej"]
[Result "1-0"]
[WhiteElo "2238"]
[BlackElo "1938"]
[PlyCount "85"]
[EventDate "2011.06.11"]
[EventType "swiss"]
[EventRounds "9"]
[EventCountry "CZE"]
[SourceTitle "CBM 142 Extra"]
[Source "ChessBase"]
[SourceDate "2011.06.27"]
[SourceVersion "1"]
[SourceVersionDate "2011.06.27"]
[SourceQuality "1"]

1. d4 d5 2. Nf3 Nf6 3. c4 e6 4. g3 c6 5. Bg2 Bd6 6. Nbd2 Nbd7 7. 0-0 h5 8. Qc2 Ng4 9. e4 g5 10. cxd5 exd5 11. e5 Be7 12. Re1 Nf8 13. Nb3 Ne6 14. Bd2 Bd7 15. Nc5 Bxc5 16. dxc5 Qe7 17. b4 h4 18. Qc1 hxg3 19. fxg3 0-0-0 20. Bxg5 Nxg5 21. Qxg5 Qxg5 22. Nxg5 Be6 23. h3 Nh6 24. g4 Rhg8 25. Nf3 Rg7 26. Kf2 Ng8 27. Nd4 Ne7 28. a4 Ng6 29. b5 Nf4 30. Bf1 Rh8 31. Re3 Rgh7 32. Raa3 Kc7 33. Rf3 Ng6 34. Rae3 Re8 35. Rf6 Nf8 36. Bd3 Rh8 37. Bf5 Nd7 38. Bxe6 Nxf6 39. exf6 fxe6 40. f7 Rhf8 41. Nxe6+ Rxe6 42. Rxe6 Rxf7+ 43. Kg3 1-0

[Event "Teplice op 5th"]
[Site "Teplice"]
[Date "2010.06.20"]
[Round "9"]
[White "Kotrba, Matej"]
[Black "Cerny, Martin"]
[Result "0-1"]
[WhiteElo "1947"]
[BlackElo "2193"]
[PlyCount "132"]
[EventDate "2010.06.12"]
[EventType "swiss"]
[EventRounds "9"]
[EventCountry "CZE"]
[SourceTitle "CBM 136 Extra"]
[Source "ChessBase"]
[SourceDate "2010.07.02"]
[SourceVersion "2"]
[SourceVersionDate "2010.07.15"]
[SourceQuality "1"]

1. e4 c5 2. Nc3 e6 3. Nf3 a6 4. d4 cxd4 5. Nxd4 Qc7 6. g3 h5 7. Bg2 h4 8. 0-0 hxg3 9. hxg3 Nc6 10. Re1 Nf6 11. Nd5 Nxd5 12. exd5 Nxd4 13. Qxd4 Qc5 14. Qa4 Qb4 15. Qxb4 Bxb4 16. c3 Be7 17. Bf4 f6 18. d6 g5 19. Bxg5 fxg5 20. dxe7 Kxe7 21. Rad1 Rb8 22. Rd4 b5 23. Re5 Kf6 24. Re3 Rh7 25. Rf3+ Ke7 26. Rfd3 d5 27. Rg4 Rh5 28. Bf3 Bd7 29. Rgd4 Rh6 30. Re3 Kd6 31. Red3 Bc6 32. Rd1 Rbh8 33. b3 Kc7 34. Re1 Rf8 35. Bg2 Kd6 36. Red1 Rhf6 37. R4d2 Kc5 38. Re1 a5 39. Re5 Rg8 40. Rde2 Kd6 41. R5e3 Bd7 42. Rd2 Rgf8 43. Red3 Bc6 44. Rd4 Kc5 45. R4d3 b4 46. Rc2 Kd6 47. c4 Rf5 48. Rcd2 Re5 49. Rd1 Rff5 50. Bh3 Rf6 51. Bg2 Kc5 52. Rc1 Kd6 53. Rcd1 g4 54. Rd4 Rg5 55. R4d2 Rgf5 56. Be4 Re5 57. Bg2 Kc5 58. Rc1 Kd6 59. Rcd1 Rg5 60. Rd3 Rh6 61. R3d2 Kc5 62. Rc2 Kb6 63. cxd5 Bxd5 64. Rdc1 Bf3 65. Kf1 Re5 66. Rc8 Rh2 0-1

[Event "Teplice op 5th"]
[Site "Teplice"]
[Date "2010.06.18"]
[Round "7"]
[White "Kotrba, Matej"]
[Black "Vales, Vaclav"]
[Result "1/2-1/2"]
[WhiteElo "1947"]
[BlackElo "2230"]
[PlyCount "71"]
[EventDate "2010.06.12"]
[EventType "swiss"]
[EventRounds "9"]
[EventCountry "CZE"]
[SourceTitle "CBM 136 Extra"]
[Source "ChessBase"]
[SourceDate "2010.07.02"]
[SourceVersion "2"]
[SourceVersionDate "2010.07.15"]
[SourceQuality "1"]

1. e4 c5 2. Nc3 Nc6 3. f4 g6 4. Nf3 Bg7 5. Bc4 d6 6. 0-0 e6 7. f5 exf5 8. d3 Nge7 9. Qe1 Ne5 10. Nxe5 dxe5 11. Qh4 Be6 12. Kh1 f4 13. Bxe6 fxe6 14. g3 Nc6 15. Qh3 Nd4 16. gxf4 0-0 17. Be3 Nxc2 18. Bxc5 Rxf4 19. Qxe6+ Kh8 20. Rxf4 exf4 21. Rd1 Qh4 22. Nd5 Qh5 23. Rf1 g5 24. Be7 Qe2 25. Qh3 g4 26. Nxf4 gxh3 27. Nxe2 Ne3 28. Rf3 Nd1 29. Bf6 Bxf6 30. Rxf6 Rg8 31. Rf1 Nxb2 32. d4 Rg2 33. Nf4 Rd2 34. d5 Nd1 35. Nxh3 Kg7 36. Ng5 1/2-1/2

[Event "Teplice op 5th"]
[Site "Teplice"]
[Date "2010.06.12"]
[Round "1"]
[White "Kotrba, Matej"]
[Black "Voloshin, Leonid"]
[Result "0-1"]
[WhiteElo "1947"]
[BlackElo "2452"]
[PlyCount "86"]
[EventDate "2010.06.12"]
[EventType "swiss"]
[EventRounds "9"]
[EventCountry "CZE"]
[SourceTitle "CBM 136 Extra"]
[Source "ChessBase"]
[SourceDate "2010.07.02"]
[SourceVersion "2"]
[SourceVersionDate "2010.07.15"]
[SourceQuality "1"]

1. Nf3 Nf6 2. d4 e6 3. c4 c5 4. e3 d5 5. Nc3 a6 6. cxd5 exd5 7. Bd3 c4 8. Bc2 b5 9. e4 dxe4 10. Nxe4 Bb4+ 11. Bd2 Bxd2+ 12. Qxd2 0-0 13. 0-0 Nbd7 14. Rad1 Bb7 15. Rfe1 Re8 16. Qf4 Bxe4 17. Bxe4 Nxe4 18. Rxe4 Rxe4 19. Qxe4 Nf6 20. Qb7 Qd5 21. Qc7 Re8 22. Re1 Rxe1+ 23. Nxe1 g6 24. Nf3 Qf5 25. h3 Nd5 26. Qd8+ Kg7 27. Ne5 Qe6 28. Nd7 Qd6 29. Qe8 Nf4 30. Kf1 Nd3 31. Ne5 Nxe5 32. Qxe5+ Qxe5 33. dxe5 f6 34. exf6+ Kxf6 35. Ke2 Ke5 36. Ke3 g5 37. g3 h5 38. f3 h4 39. gxh4 gxh4 40. a3 a5 41. f4+ Kf5 42. Kf3 b4 43. axb4 axb4 0-1

[Event "CZE-ch Juniors op-A"]
[Site "Kouty nad Desnou"]
[Date "2009.03.12"]
[Round "7"]
[White "Kotrba, Matej"]
[Black "Halla, Jiri"]
[Result "1/2-1/2"]
[WhiteElo "1991"]
[BlackElo "1877"]
[PlyCount "29"]
[EventDate "2009.03.07"]
[EventType "swiss"]
[EventRounds "9"]
[EventCountry "CZE"]
[SourceTitle "EXT 2011"]
[Source "ChessBase"]
[SourceDate "2010.11.26"]
[SourceVersion "1"]
[SourceVersionDate "2010.11.26"]
[SourceQuality "1"]

1. Nf3 g6 2. d4 Nf6 3. c4 Bg7 4. Nc3 0-0 5. Bg5 d6 6. e3 c6 7. Bd3 Qa5 8. 0-0 Bg4 9. Bh4 Qh5 10. Bg3 Nbd7 11. Be2 Rfe8 12. h3 Bxf3 13. Bxf3 Qa5 14. e4 e5 15. d5 1/2-1/2

[Event "CZE-ch Juniors op-A"]
[Site "Kouty nad Desnou"]
[Date "2009.03.07"]
[Round "1"]
[White "Kotrba, Matej"]
[Black "Strnad, Ondrej"]
[Result "1-0"]
[WhiteElo "1991"]
[BlackElo "1761"]
[PlyCount "53"]
[EventDate "2009.03.07"]
[EventType "swiss"]
[EventRounds "9"]
[EventCountry "CZE"]
[SourceTitle "EXT 2011"]
[Source "ChessBase"]
[SourceDate "2010.11.26"]
[SourceVersion "1"]
[SourceVersionDate "2010.11.26"]
[SourceQuality "1"]

1. Nf3 c5 2. c3 Nf6 3. d4 cxd4 4. cxd4 g6 5. Nc3 Bg7 6. e4 d6 7. Bb5+ Bd7 8. Bxd7+ Nbxd7 9. e5 dxe5 10. dxe5 Ng4 11. e6 Nde5 12. Qa4+ Kf8 13. Nxe5 Nxe5 14. 0-0 Qb6 15. Nd5 Qc6 16. Qb3 Rd8 17. Rd1 Qxe6 18. Bf4 f5 19. Qxb7 Rd7 20. Nc7 Rxd1+ 21. Rxd1 Qb6 22. Rd8+ Kf7 23. Qd5+ e6 24. Rd7+ Nxd7 25. Qxd7+ Kf6 26. Be3 Qa5 27. Qxe6# 1-0